000 00726nam a2200241 i 4500
001 bg
100 1 _aCZARCZYŃSKI, Wojciech
245 1 0 _aPodstawy techniki mikrofalowej /
_cWojciech Czarczyński.
260 _aWrocław :
_bOficyna Wydawnicza Politechniki Wrocławskiej,
_c2003.
300 _a143 s. :
_bil. ;
_c24 cm.
504 _aBibliogr. Indeks.
650 9 _aMikrofale
655 _aPodręczniki
015 _aPB 18917/2003
020 _a8370856934
040 _cBPK
041 0 _apol
080 _a621.396(07)
920 _a83-7085-693-4
942 _cKS
008 s pl f |000 0 pol
999 _c46620
_d46620
856 _uhttp://koha.tu.koszalin.pl/cgi-bin/koha/opac-detail.pl?biblionumber=46620
_yKatalog online BPK